| 000 | 00686nam a22002177a 4500 | ||
|---|---|---|---|
| 003 | OSt | ||
| 005 | 20140310181927.0 | ||
| 008 | 130720t xxu||||| |||| 00| 0 eng d | ||
| 050 |
_aQA 14 _b.H318t2 2010 |
||
| 082 |
_aTR 510 _bS643t1 2003 |
||
| 100 |
_aMontague-Smith, Ann _92441 |
||
| 245 |
_aApex maths 2 teacher's handbook : _bYear 2/ Primary 3 / _cAnn Montague-Smith and Paul Harrison. |
||
| 260 |
_aCambridge : _bCambridge University Press, _cc2010. |
||
| 300 |
_a90 p. ; _bill. col.; _c30 cm. |
||
| 521 | _aFaculty | ||
| 541 | _j1 | ||
| 562 | _e1 | ||
| 650 |
_aMathematics _xStudy and teaching _92442 |
||
| 700 |
_aMontague-Smith, Ann _92443 |
||
| 942 |
_2lcc _cBK-TR _kTR |
||
| 999 |
_c7228 _d7228 |
||